000 00470nam a22001697a 4500
003 OSt
005 20250829042609.0
008 250829b |||||||| |||| 00| 0 eng d
040 _aDWCL-Admin lib
_cOC
082 _aCirc. 823.92 A398 2003
100 _aAli, Monica
245 _aBrick Lane a novel
_cMonica Ali
260 _aN.Y :
_b Scribner ,
_cc2003.
300 _a541 pages :
_b illustrations ;
_c17cm.
650 _a1. England--London
942 _2ddc
_cBK-CIRC
_kCirc.
_n0
999 _c4326
_d4326